书目信息 |
| 题名: |
中国历代文选 上
|
|
| 作者: | 四川师范大学中国古代文学研究所选 注 | |
| 分册: | ||
| 出版信息: | 北京 人民文学出版社 1980.09 |
|
| 页数: | 440页 | |
| 开本: | 32开 | |
| 丛书名: | ||
| 单 册: | ||
| 中图分类: | I206.2 | |
| 科图分类: | ||
| 主题词: | 文学--中国 | |
| 电子资源: | ||
| ISBN: | 7-02-002497-1 | |
| 000 | 00656nam0 2200193 45 | |
| 001 | 0010221111 | |
| 005 | 20001022114452.1 | |
| 010 | @a7-02-002497-1@d19.20元 | |
| 100 | @a20001022d1980 km y0chiy0120 ea | |
| 101 | 0 | @achi |
| 105 | @a z 000yy | |
| 200 | 1 | @a中国历代文选 上@AZhong Guo Li Dai Wen Xuan Shang@f四川师范大学中国古代文学研究所选注@FSi Chuan Shi Fan Da Xue Zhong Guo Gu Dai Wen Xue YanJiu Suo Xuan Zhu |
| 210 | @a北京@c人民文学出版社@d1980.09 | |
| 215 | @a440页@d32开 | |
| 606 | 0 | @a文学@x中国 |
| 690 | @aI206.2@v3 | |
| 701 | 0 | @a四川师范大学中国古代文学研究所选@4注 |
| 801 | @aCN@bPftUser@c20001022 | |
| 905 | @b182216-220@dI206.2@eS:779:1@f5 | |
| 中国历代文选 上/四川师范大学中国古代文学研究所选注.-北京:人民文学出版社,1980.09 |
| 440页;32开 |
| ISBN 7-02-002497-1:19.20元 |
| ● |
| 相关链接 |
|
|
|
正题名:中国历代文选上
索取号:I206.2/S:779:1
 
预约/预借
| 序号 | 登录号 | 条形码 | 馆藏地/架位号 | 状态 | 备注 |
| 1 | 182216 | 201822162 | 社科二线400B/400B社科库 11排1列1层/ [索取号:I206.2/S:779:1] | 在馆 | |
| 2 | 182217 | 201822171 | 文学库108/108文学库 5排3列4层/ [索取号:I206.2/S:779:1] | 在馆 | |
| 3 | 182218 | 201822180 | 社科二线400B/400B社科库 11排1列1层/ [索取号:I206.2/S:779:1] | 在馆 | |
| 4 | 182219 | 201822199 | 文学库108/108文学库 5排3列4层/ [索取号:I206.2/S:779:1] | 在馆 | |
| 5 | 182220 | 201822206 | 文学库108/108文学库 5排3列4层/ [索取号:I206.2/S:779:1] | 在馆 |